| 000 -LEADER |
| fixed length control field |
00889nam a22001577a 4500 |
| 008 - FIXED-LENGTH DATA ELEMENTS--GENERAL INFORMATION |
| fixed length control field |
230927b ||||| |||| 00| 0 eng d |
| 100 ## - MAIN ENTRY--PERSONAL NAME |
| Personal name |
Bhatra, Robert Wilson |
| 245 ## - TITLE STATEMENT |
| Title |
Transformation of intercommunity relations and origins of communal and ethnic violence in Kandhamal |
| 260 ## - PUBLICATION, DISTRIBUTION, ETC. (IMPRINT) |
| Place of publication, distribution, etc |
Social Action |
| 300 ## - PHYSICAL DESCRIPTION |
| Extent |
73(2), Apr-Jun, 2023: p.190-200 |
| 520 ## - SUMMARY, ETC. |
| Summary, etc |
Past-independent India at the village level, witnessed how the traditional forms of origination were changing and new power relations were established in Kandhamal. The panes and the Kondhs, who for some period of time were kept or the margins of society suddenly took control of the local village council by wining Panchyat election .- Reproduced |
| 650 ## - SUBJECT ADDED ENTRY--TOPICAL TERM |
| Topical term or geographic name as entry element |
Conversion, Marginalisation, Communal violence, Hindustan, Christianity. |
| 9 (RLIN) |
40868 |
| 773 ## - HOST ITEM ENTRY |
| Main entry heading |
Social Action |
| 906 ## - LOCAL DATA ELEMENT F, LDF (RLIN) |
| Subject DIP |
VIOLENCE |
| 942 ## - ADDED ENTRY ELEMENTS (KOHA) |
| Item type |
Articles |